Romantic imagination (Record no. 17386)

MARC details
000 -LEADER
fixed length control field 00411nam a2200133 4500
020 ## - INTERNATIONAL STANDARD BOOK NUMBER
International Standard Book Number 0192810065
082 ## - DEWEY DECIMAL CLASSIFICATION NUMBER
Classification number 821.00914
Item number BOW
100 ## - MAIN ENTRY--PERSONAL NAME
Personal name Bowra, Maurice
245 ## - TITLE STATEMENT
Title Romantic imagination
Statement of responsibility, etc. Maurice Bowra
260 ## - PUBLICATION, DISTRIBUTION, ETC.
Place of publication, distribution, etc. London
Name of publisher, distributor, etc. Oxford University Press
Date of publication, distribution, etc. 1978
300 ## - PHYSICAL DESCRIPTION
Extent xii, 306p. ; 22cm.
650 ## - SUBJECT ADDED ENTRY--TOPICAL TERM
Topical term or geographic name entry element English poetry--Romanticism--18th century--History and criticism
650 ## - SUBJECT ADDED ENTRY--TOPICAL TERM
Topical term or geographic name entry element Poets,English--18th century
Holdings
Withdrawn status Lost status Source of classification or shelving scheme Damaged status Not for loan Collection code Home library Current library Date acquired Total Checkouts Total Renewals Full call number Barcode Date last seen Date last checked out Price effective from Koha item type Copy number
    Dewey Decimal Classification     ACADEMIC STAFF COLLEGE North Eastern Hill University North Eastern Hill University 24/11/2011 5 1 821.00914 BOW 1035 14/05/2019 10/05/2019 24/11/2011 Books  
    Dewey Decimal Classification     ENGLISH North Eastern Hill University North Eastern Hill University 25/11/2011 16 3 821.00914 BOW G283 12/04/2022 12/04/2022 25/11/2011 Books ;1